=LDR 00000nam 2200000 4500 =001 INLIS000000000029611 =005 20220707022847 =035 ##$$a 0010-061300000029611 =008 220707################g##########0#ind## =041 ##$$a Ind =082 ##$$a 813 =090 ##$$a 813, Hir s =100 ##$$a Hirata, Andrea =245 1#$$a Sang Pemimpi /$c Andrea Hirata =260 ##$$a 2008 :$b Yogyakarta =300 ##$$a ix, 288 hlm ; $c 21 cm =650 #4$$a Fiksi Indonesia =850 ##$$a NBPNMAT =020 ##$$a 9793062924 =084 ##$$a 813 HIR s =700 #$$a Imam Risdi Yanto =990 ##$$a 0315/PN/2014 =990 ##$$a 21195131/BPAP-NTB/2014 =990 ##$$a 21400613/BPAP-NTB/20142014 =990 ##$$a 0001/BPAP-NTB/20142014 =990 ##$$a 01201708716